Leader xxxxxxxxxx
001 __ 102460/9/01
005 __ 20170410105855.528
010 0_ |a9789863612247|b第6冊 : 平裝|d新臺幣220元
042 __ |anbim
100 __ |a20170410d2015 km y0chy50 e
101 0_ |achi
102 __ |atw
105 __ |ay z 000ay
200 1_ |a妖怪公館ソ新房客|h6|i學園祭Mission Clear|dResidence of Monsters|f藍旗左衽著|gIllust譯
205 __ |a初版
210 __ |a臺北市|c高寶國際|d2015[民104]
215 0_ |a283面|d21公分
225 12 |a輕世代|vFW167
510 1_ |aResidence of Monsters|zeng
517 1_ |a學園祭Troubles!|zchi
606 __ |2csh|a輕小說
700 _0 |a藍旗左衽|4著
702 _0 |aIllust|4譯
681 __ |a857.7|b8524 v.6
801 _0 |atw|bLibDipper|c20170410|gCCR
|